[Event "County match"]
[Site "?"]
[Date "2015.01.17"]
[Round "?"]
[White "Hebbes, T."]
[Black "Stebbings, A."]
[Result "1/2-1/2"]
[WhiteElo "2148"]
[BlackElo "2343"]
[PlyCount "59"]
[EventDate "2015.??.??"]

1. Nf3 c5 2. c4 Nc6 3. Nc3 g6 4. g3 Bg7 5. Bg2 e6 6. O-O Nge7 7. e3 Nf5 8. b3
O-O 9. Bb2 d5 10. Na4 b6 11. Bxg7 Kxg7 12. cxd5 exd5 13. d4 cxd4 14. Nxd4 Ncxd4
15. exd4 Be6 16. Nc3 Rc8 17. Qd2 Qd6 18. Rfd1 Rc6 19. Rac1 Qb4 20. Ne2 Qxd2 21.
Rxd2 Rxc1+ 22. Nxc1 Rc8 23. Ne2 Kf6 24. Kf1 Ke7 25. Ke1 Kd6 26. Kd1 Ne7 27. Rc2
Rxc2 28. Kxc2 Bf5+ 29. Kd2 a5 30. Nc3 1/2-1/2

[Event "County match"]
[Site "?"]
[Date "2015.01.31"]
[Round "?"]
[White "Stebbings, A."]
[Black "Keane, G."]
[Result "1/2-1/2"]
[WhiteElo "2343"]
[BlackElo "2208"]
[PlyCount "82"]
[EventDate "2015.??.??"]

1. e4 d6 2. d4 Nf6 3. Nc3 g6 4. g3 Bg7 5. Bg2 O-O 6. Nge2 c6 7. a4 e5 8. h3 Na6
9. O-O Qe7 10. Re1 Nc7 11. Be3 Re8 12. Qd2 Be6 13. Rad1 Red8 14. b3 c5 15. d5
Bd7 16. f4 Qf8 17. Rf1 Bc8 18. f5 b6 19. g4 Nd7 20. g5 Qe8 21. f6 Bf8 22. Qe1
a6 23. h4 Nb8 24. Qg3 Ra7 25. h5 Na8 26. Bf3 Rdd7 27. Kg2 Rab7 28. Rh1 b5 29.
axb5 axb5 30. Ra1 Nb6 31. Nxb5 Nxd5 32. exd5 Rxb5 33. Nc3 Rb6 34. Ra4 Rc7 35.
Be4 Ra6 36. Rha1 Rca7 37. Qf3 Qd7 38. Bd3 Rxa4 39. Rxa4 Na6 40. Be4 Nb4 41. Kf2
Ra6 1/2-1/2

[Event "London league"]
[Site "?"]
[Date "2015.02.04"]
[Round "?"]
[White "Hill, A."]
[Black "Stebbings, A."]
[Result "1/2-1/2"]
[WhiteElo "2193"]
[BlackElo "2343"]
[PlyCount "55"]
[EventDate "2015.??.??"]

1. e4 c5 2. Nf3 e6 3. d4 cxd4 4. Nxd4 Nc6 5. Nc3 Qc7 6. Be2 a6 7. O-O Nf6 8.
Be3 Bb4 9. Na4 O-O 10. c4 Be7 11. Nc3 d6 12. Rc1 Ne5 13. f4 Ng6 14. Nb3 b6 15.
Qd3 Bb7 16. Nd2 Rac8 17. g3 Ba8 18. Bf3 Qb8 19. Rfd1 Rfd8 20. Na4 Nd7 21. Qb3
Nc5 22. Bxc5 bxc5 23. Nb6 Rc7 24. Nxa8 Qxa8 25. e5 Qc8 26. exd6 Rxd6 27. Ne4
Rxd1+ 28. Rxd1 1/2-1/2

[Event "County match"]
[Site "?"]
[Date "2015.03.07"]
[Round "?"]
[White "Denman, B."]
[Black "Stebbings, A."]
[Result "1/2-1/2"]
[WhiteElo "2230"]
[BlackElo "2343"]
[PlyCount "59"]
[EventDate "2015.??.??"]

1. e4 c5 2. Nf3 e6 3. d4 cxd4 4. Nxd4 Nc6 5. Nc3 Qc7 6. Be3 a6 7. Be2 Nf6 8.
O-O Bb4 9. Na4 O-O 10. c4 Be7 11. Rc1 Nxe4 12. c5 g6 13. Bd3 Nf6 14. Nb6 Rb8
15. Nxc6 dxc6 16. Qf3 e5 17. h3 Be6 18. Bc4 Bxc4 19. Rxc4 Rbd8 20. Re1 Nd5 21.
Qg3 Rfe8 22. Re4 f6 23. Nc4 Bf8 24. h4 Nxe3 25. Qxe3 Qd7 26. b4 Kf7 27. Qf3 Kg7
28. Qe2 Kf7 29. Qf3 Kg7 30. Qe2 1/2-1/2

[Event "4NCL league"]
[Site "?"]
[Date "2015.03.28"]
[Round "?"]
[White "Stebbings, A."]
[Black "Strugnell, C."]
[Result "0-1"]
[WhiteElo "2343"]
[BlackElo "2305"]
[PlyCount "32"]
[EventDate "2015.??.??"]

1. e4 c5 2. Nf3 Nc6 3. d4 cxd4 4. Nxd4 Nf6 5. Nc3 d6 6. f4 e5 7. Nf3 Be7 8. Bc4
Qb6 9. Bb3 O-O 10. f5 a5 11. a3 a4 12. Ba2 Bd7 13. Qd3 Nd4 14. h3 Rac8 15. g4
Bc6 16. Rh2 Nxf3+ 0-1

[Event "4NCL league"]
[Site "?"]
[Date "2015.03.29"]
[Round "?"]
[White "Frostick, C."]
[Black "Stebbings, A."]
[Result "1/2-1/2"]
[WhiteElo "2103"]
[BlackElo "2343"]
[PlyCount "46"]
[EventDate "2015.??.??"]

1. e4 c5 2. Nf3 e6 3. g3 Nc6 4. Bg2 Nf6 5. d3 Be7 6. O-O O-O 7. Re1 d6 8. c3
Bd7 9. h3 Rc8 10. d4 cxd4 11. Nxd4 a6 12. Be3 Qc7 13. Nd2 Rfd8 14. Qe2 Nxd4 15.
Bxd4 e5 16. Be3 Bb5 17. Qf3 d5 18. exd5 Nxd5 19. Nf1 Bc6 20. Qe2 Nxe3 21. Nxe3
Bxg2 22. Kxg2 Bc5 23. Rad1 Bxe3 1/2-1/2

[Event "London league"]
[Site "?"]
[Date "2015.03.30"]
[Round "?"]
[White "Stebbings, A."]
[Black "Tasker, M."]
[Result "1-0"]
[WhiteElo "2343"]
[BlackElo "2103"]
[PlyCount "95"]
[EventDate "2015.??.??"]

1. e4 c5 2. Nf3 d6 3. d4 cxd4 4. Nxd4 Nf6 5. Nc3 Nc6 6. Bg5 e6 7. Qd2 Be7 8.
O-O-O O-O 9. Nb3 Qb6 10. f3 Rd8 11. Nb5 Rd7 12. Qe1 Ne5 13. Be3 Qd8 14. f4 Nc6
15. Bd3 a6 16. N5d4 Qc7 17. Kb1 b5 18. Nxc6 Qxc6 19. Bd2 Rd8 20. e5 dxe5 21.
fxe5 Nd5 22. Qe4 g6 23. Qg4 h5 24. Qf3 Qe8 25. h4 Bb7 26. Be4 Rac8 27. Bg5 Ba8
28. g4 hxg4 29. Qxg4 Nb4 30. Nd4 Bxe4 31. Qxe4 Rd5 32. Rhg1 Rcd8 33. h5 Bxg5
34. Rxg5 Qe7 35. Rgg1 g5 36. c3 Nc6 37. Qe3 Nxd4 38. cxd4 Kh7 39. Rgf1 Qf8 40.
Rf6 Qg7 41. a3 b4 42. axb4 a5 43. Rg1 Rxd4 44. Rxg5 Qf8 45. h6 Qxb4 46. Rxf7+
Kh8 47. Rgg7 Rd1+ 48. Ka2 1-0

[Event "London league"]
[Site "?"]
[Date "2015.04.15"]
[Round "?"]
[White "Stebbings, A."]
[Black "Reynolds, D."]
[Result "1/2-1/2"]
[WhiteElo "2343"]
[BlackElo "2095"]
[PlyCount "74"]
[EventDate "2015.??.??"]

1. e4 e5 2. Nf3 Nc6 3. Bb5 a6 4. Ba4 Nf6 5. Qe2 b5 6. Bb3 Be7 7. c3 d5 8. d3
O-O 9. O-O Bb7 10. Nbd2 Re8 11. a3 Bf8 12. Re1 Qd7 13. exd5 Nxd5 14. Ne4 f5 15.
Ng3 g6 16. Bg5 Kh8 17. Qd2 Bg7 18. Bh6 Nf6 19. Rad1 f4 20. Bxg7+ Qxg7 21. Ne4
Nxe4 22. dxe4 Rad8 23. Qe2 Qe7 24. Rd5 Bc8 25. Red1 Be6 26. Rxd8 Nxd8 27. Bxe6
Qxe6 28. Rd5 Nf7 29. Qd1 Kg8 30. h3 c6 31. Rd3 Qc4 32. Qe2 Re7 33. Qc2 Kg7 34.
Rd2 h6 35. Qd3 Qxd3 36. Rxd3 Kf6 37. Nd2 c5 1/2-1/2

[Event "London league"]
[Site "?"]
[Date "2015.04.30"]
[Round "?"]
[White "Stebbings, A."]
[Black "Calvert, D."]
[Result "1/2-1/2"]
[WhiteElo "2343"]
[BlackElo "2020"]
[PlyCount "47"]
[EventDate "2015.??.??"]

1. e4 d5 2. exd5 Qxd5 3. Nc3 Qd6 4. d4 Nf6 5. Nf3 a6 6. g3 Bg4 7. Bg2 Nc6 8.
O-O O-O-O 9. Be3 e5 10. dxe5 Nxe5 11. Qxd6 Nxf3+ 12. Bxf3 Bxd6 13. Bg2 Rhe8 14.
Bg5 h6 15. Bxf6 gxf6 16. Ne4 Be5 17. c3 f5 18. Nc5 c6 19. f3 Bh5 20. Bh3 Bg6
21. Rad1 Bc7 22. Nb3 Bb6+ 23. Nd4 Re2 24. b4 1/2-1/2

[Event "4NCL league"]
[Site "?"]
[Date "2015.05.02"]
[Round "?"]
[White "Stebbings, A."]
[Black "Snuverink, J."]
[Result "1/2-1/2"]
[WhiteElo "2343"]
[BlackElo "2419"]
[PlyCount "48"]
[EventDate "2015.??.??"]

1. e4 c5 2. Nf3 d6 3. d4 cxd4 4. Nxd4 Nf6 5. Nc3 a6 6. Be3 e6 7. f4 Nbd7 8. Qf3
Qc7 9. O-O-O b5 10. e5 Bb7 11. Qh3 dxe5 12. Nxe6 fxe6 13. Qxe6+ Be7 14. Bxb5
axb5 15. Nxb5 Qc6 16. Nd6+ Kd8 17. fxe5 Re8 18. Nxb7+ Kc7 19. Nd6+ Bxd6 20.
exd6+ Kd8 21. Qb3 Rb8 22. Qa3 Ra8 23. Qb3 Rb8 24. Qa3 Ra8 1/2-1/2

[Event "4NCL league"]
[Site "?"]
[Date "2015.05.03"]
[Round "?"]
[White "Tippleston, C."]
[Black "Stebbings, A."]
[Result "0-1"]
[WhiteElo "2140"]
[BlackElo "2343"]
[PlyCount "153"]
[EventDate "2015.??.??"]

1. e4 c5 2. Nf3 e6 3. c3 Nf6 4. e5 Nd5 5. d4 cxd4 6. cxd4 d6 7. Bc4 Nc6 8. O-O
Be7 9. exd6 Qxd6 10. Nc3 O-O 11. Re1 Rd8 12. Bxd5 exd5 13. Ne5 Nxe5 14. Rxe5
Be6 15. Re1 Rac8 16. Qb3 Qb4 17. Be3 Rc4 18. Ne2 a6 19. Qxb4 Bxb4 20. Rec1 Rdc8
21. Nf4 Rc2 22. Rxc2 Rxc2 23. Rc1 Rxb2 24. Nd3 Rxa2 25. Nxb4 Rb2 26. Nxd5 a5
27. Nc3 b5 28. Rb1 Rxb1+ 29. Nxb1 b4 30. d5 Bxd5 31. Bb6 a4 32. Bc5 a3 33. Nd2
a2 34. Bd4 f5 35. f3 Kf7 36. Kf2 g5 37. Bb2 f4 38. g3 fxg3+ 39. Kxg3 Kg6 40.
Nf1 Bb7 41. f4 Kf5 42. fxg5 Kxg5 43. Ne3 Be4 44. Ba1 b3 45. Bb2 Bc6 46. h4+ Kh5
47. Nf5 Bb5 48. Nd4 Bc4 49. Bc3 Kg6 50. Kg4 Bd5 51. h5+ Kf7 52. Kf5 Bc4 53. Kg5
Bd5 54. Kh6 Kg8 55. Bb2 Bc4 56. Nf5 Bd3 57. Nd6 Kf8 58. Bf6 Kg8 59. Kg5 Kf8 60.
h6 Bc2 61. Kf4 Bd3 62. Ke3 Bb1 63. Kd2 Bc2 64. Kc1 Bd3 65. Kb2 Bc2 66. Ka3 Bd1
67. Kb4 Bc2 68. Kc5 Bd1 69. Kc6 b2 70. Bxb2 Ke7 71. Kd5 Bc2 72. Ke5 Bd3 73.
Nf5+ Kf7 74. Nh4 Bc2 75. Kd5 Bb3+ 76. Ke5 Bc2 77. Kf4 {Time} 0-1

[Event "4NCL league"]
[Site "?"]
[Date "2015.05.04"]
[Round "?"]
[White "Stebbings, A."]
[Black "Pleasants, A."]
[Result "1/2-1/2"]
[WhiteElo "2343"]
[BlackElo "2155"]
[PlyCount "65"]
[EventDate "2015.??.??"]

1. e4 d6 2. d4 g6 3. Nc3 Bg7 4. Nge2 a6 5. a4 Nd7 6. g3 Rb8 7. a5 Ngf6 8. Bg2
O-O 9. O-O e5 10. h3 exd4 11. Nxd4 Re8 12. Re1 Nc5 13. Bf4 Nfd7 14. Qd2 Ne5 15.
b3 Ned3 16. cxd3 Bxd4 17. Rab1 Ne6 18. Be3 c6 19. Na4 Qf6 20. Rbc1 Bxe3 21.
fxe3 Qe5 22. Kh2 h5 23. d4 Qg7 24. Qb4 c5 25. dxc5 h4 26. Qc3 hxg3+ 27. Kxg3
Qf8 28. Rf1 dxc5 29. Nxc5 b6 30. axb6 Rxb6 31. b4 Rb5 32. e5 Qh6 33. Nxe6
1/2-1/2

[Event "London league"]
[Site "?"]
[Date "2015.05.20"]
[Round "?"]
[White "Stebbings, A."]
[Black "Freeman, R."]
[Result "0-1"]
[WhiteElo "2343"]
[BlackElo "2035"]
[PlyCount "72"]
[EventDate "2015.??.??"]

1. e4 d5 2. exd5 Nf6 3. c4 c6 4. d4 cxd5 5. Nc3 g6 6. Qb3 Bg7 7. cxd5 O-O 8.
Be2 Nbd7 9. Bf3 Nb6 10. Nge2 Bg4 11. Bxg4 Nxg4 12. a4 Qd7 13. a5 Nc8 14. Ra4 b6
15. Bf4 bxa5 16. Rxa5 Nb6 17. O-O Rfd8 18. Rfa1 Nf6 19. d6 exd6 20. Qa2 Re8 21.
h3 Ne4 22. Be3 Nf6 23. d5 Nc8 24. Qc4 Rb8 25. b4 Qb7 26. Rb1 Nd7 27. b5 Ne5 28.
Qa2 Re7 29. Nd4 Qc7 30. Ra3 Nc4 31. Nc6 Nxa3 32. Qxa3 Nb6 33. Nxe7+ Qxe7 34.
Qb3 Rc8 35. Rd1 Rxc3 36. Qb4 Rc4 0-1

[Event "European Senior Team ch."]
[Site "Vienna"]
[Date "2015.07.12"]
[Round "1"]
[White "Jones, I."]
[Black "Stebbings, A."]
[Result "1/2-1/2"]
[WhiteElo "2164"]
[BlackElo "2268"]
[PlyCount "46"]
[EventDate "2015.??.??"]

1. d4 Nf6 2. c4 e6 3. Nf3 b6 4. g3 Bb4+ 5. Nbd2 Bb7 6. Bg2 c5 7. O-O cxd4 8.
Nxd4 Bxg2 9. Kxg2 Qc7 10. Qa4 Be7 11. N2f3 a6 12. Bf4 Qb7 13. Rfd1 O-O 14. Kg1
d6 15. Be3 Rc8 16. Rac1 Nbd7 17. b4 d5 18. cxd5 Nxd5 19. Bd2 b5 20. Qb3 N7b6
21. Ne5 Bf6 22. Ndf3 Be7 23. Be1 f6 1/2-1/2

[Event "European Senior Team ch."]
[Site "Vienna"]
[Date "2015.07.14"]
[Round "3"]
[White "Becker, N."]
[Black "Stebbings, A."]
[Result "1/2-1/2"]
[WhiteElo "2114"]
[BlackElo "2268"]
[PlyCount "62"]
[EventDate "2015.??.??"]

1. Nf3 c5 2. c4 Nf6 3. g3 d5 4. cxd5 Nxd5 5. Bg2 Nc6 6. O-O e5 7. d3 Be7 8. Nc3
Nc7 9. Nd2 Bd7 10. Nc4 f6 11. f4 b5 12. Ne3 exf4 13. Rxf4 O-O 14. Ncd5 Bd6 15.
Rf1 Ne6 16. Bd2 Ned4 17. Bc3 Re8 18. Re1 Rc8 19. Rc1 Be6 20. b3 Be5 21. Qd2 Qd6
22. Rf1 Bf7 23. Rf2 Ne7 24. Nxe7+ Rxe7 25. Nf1 Ree8 26. e3 Ne6 27. Bxe5 fxe5
28. Qa5 Qb6 29. Qc3 Qd6 30. Qa5 Qb6 31. Qc3 Qd6 1/2-1/2

[Event "European Senior Team ch."]
[Site "Vienna"]
[Date "2015.07.15"]
[Round "4"]
[White "Stebbings, A."]
[Black "Bukacek, E."]
[Result "1-0"]
[WhiteElo "2268"]
[BlackElo "2153"]
[PlyCount "72"]
[EventDate "2015.??.??"]

1. d4 f5 2. Bg5 c6 3. Nd2 d5 4. e3 Qb6 5. Rb1 Nd7 6. Bd3 Ndf6 7. Ngf3 Ne4 8.
Bf4 Ngf6 9. O-O e6 10. c4 Be7 11. Qc2 O-O 12. b4 Qd8 13. h3 h6 14. Ne5 Qe8 15.
c5 a6 16. Nxe4 fxe4 17. Be2 Nd7 18. f3 Nxe5 19. Bxe5 exf3 20. Bxf3 Bg5 21. e4
Bf4 22. Bxf4 Rxf4 23. exd5 cxd5 24. Qd2 Rf6 25. Qe3 Bd7 26. Qe5 Bb5 27. Rf2 Qd7
28. Bg4 Raf8 29. Re1 Kh8 30. Rxf6 gxf6 31. Qxe6 Qg7 32. Qxd5 f5 33. Bf3 Bc6 34.
Qe5 Bxf3 35. Qxg7+ Kxg7 36. gxf3 Kf6 1-0

[Event "European Senior Team ch."]
[Site "Vienna"]
[Date "2015.07.17"]
[Round "6"]
[White "Stebbings, A."]
[Black "Jorgensen, J."]
[Result "1-0"]
[WhiteElo "2268"]
[BlackElo "2218"]
[PlyCount "65"]
[EventDate "2015.??.??"]

1. d4 f5 2. Bg5 g6 3. Nc3 Bg7 4. h4 h6 5. Bf4 Nf6 6. Qd2 d6 7. O-O-O c6 8. e3
b5 9. f3 b4 10. Nce2 a5 11. Nh3 Qb6 12. Nf2 a4 13. e4 fxe4 14. fxe4 Ng4 15.
Nxg4 Bxg4 16. Be3 Nd7 17. Re1 Nf6 18. Ng3 Qa5 19. Bc4 e5 20. dxe5 Qxe5 21. Bf4
Qc5 22. e5 Nd5 23. exd6+ Kd8 24. Bxd5 cxd5 25. Be5 Bxe5 26. Rxe5 b3 27. a3 bxc2
28. Rxd5 Qc4 29. Qd4 Qxd4 30. Rxd4 Bd1 31. Ne4 Rf8 32. Nc5 Rf5 33. Nxa4 1-0

[Event "European Senior Team ch."]
[Site "Vienna"]
[Date "2015.07.19"]
[Round "8"]
[White "Stebbings, A."]
[Black "Ghijsen, P."]
[Result "1/2-1/2"]
[WhiteElo "2268"]
[BlackElo "2182"]
[PlyCount "93"]
[EventDate "2015.??.??"]

1. e4 c5 2. Nf3 a6 3. c4 d6 4. d4 cxd4 5. Nxd4 g6 6. Be2 Bg7 7. O-O Nf6 8. Nc3
Nc6 9. Nc2 O-O 10. Bg5 Rb8 11. Na3 h6 12. Be3 Kh7 13. h3 b6 14. f4 Bb7 15. Bf3
Nd7 16. Qd2 Ba8 17. Rad1 Nc5 18. Rfe1 Re8 19. g3 Qc8 20. Bg2 Rd8 21. Qf2 e6 22.
Kh2 Qc7 23. Qf1 Nd7 24. Rc1 Rbc8 25. Nab1 Qb8 26. Nd2 Nc5 27. a3 a5 28. Qe2 Nd4
29. Qf1 Nc6 30. Red1 Nd7 31. Nf3 Kg8 32. Qe2 Nf6 33. Bf2 Nd7 34. Nb5 Nc5 35.
Rc2 a4 36. Rcd2 Bf8 37. h4 Na5 38. h5 Nxe4 39. Rd4 Nxf2 40. Qxf2 gxh5 41. Nd2
Bxg2 42. Qxg2 Bg7 43. Rd3 Nxc4 44. Nxc4 Rxc4 45. Nxd6 Rc5 46. Qe2 Qa8 47. f5
1/2-1/2

[Event "European Senior Team ch."]
[Site "Vienna"]
[Date "2015.07.20"]
[Round "9"]
[White "Klundt, K."]
[Black "Stebbings, A."]
[Result "1/2-1/2"]
[WhiteElo "2309"]
[BlackElo "2268"]
[PlyCount "53"]
[EventDate "2015.??.??"]

1. e4 c5 2. Nf3 e6 3. d4 cxd4 4. Nxd4 a6 5. Bd3 Nf6 6. O-O Qc7 7. Qe2 d6 8. c4
g6 9. Rd1 Bg7 10. Nf3 O-O 11. Nc3 Nc6 12. h3 Nd7 13. Be3 Bxc3 14. bxc3 f6 15.
Nd4 Nd8 16. f4 e5 17. Nc2 exf4 18. Bxf4 Nc5 19. Ne3 Be6 20. Qc2 Nf7 21. Be2
Rfe8 22. Rd4 Ne5 23. Rf1 Rad8 24. Bg3 Kg7 25. Qd2 Qe7 26. Bh4 Rf8 27. Nd5
1/2-1/2

[Event "London league"]
[Site "?"]
[Date "2015.10.01"]
[Round "?"]
[White "Stebbings, A."]
[Black "Reuben, S."]
[Result "1-0"]
[WhiteElo "2268"]
[BlackElo "2065"]
[PlyCount "59"]
[EventDate "2015.??.??"]

1. d4 Nf6 2. c4 e6 3. Nc3 Bb4 4. e3 O-O 5. Bd3 c5 6. Nge2 Nc6 7. O-O d5 8. cxd5
exd5 9. a3 c4 10. axb4 cxd3 11. Nf4 Nxb4 12. Nxd3 Qe7 13. Nf4 Be6 14. Bd2 Rfc8
15. Qb3 a5 16. Rfc1 g5 17. Nxe6 fxe6 18. Na4 Ne4 19. Be1 b5 20. Nc5 Nxc5 21.
dxc5 Na6 22. Rxa5 Rxc5 23. Rca1 Qb7 24. Qa3 Rc6 25. h3 Kf7 26. Qd3 Kg8 27. Rxb5
Nc5 28. Rxb7 Rxa1 29. Rb8+ Kg7 30. Qc3+ 1-0

[Event "County match"]
[Site "?"]
[Date "2015.10.10"]
[Round "?"]
[White "Stebbings, A."]
[Black "Stone, A."]
[Result "1/2-1/2"]
[WhiteElo "2268"]
[BlackElo "2200"]
[PlyCount "93"]
[EventDate "2015.??.??"]

1. d4 Nf6 2. c4 e6 3. Nc3 Bb4 4. e3 O-O 5. Bd3 d5 6. cxd5 exd5 7. Nge2 Re8 8.
Bd2 Nbd7 9. Rc1 c6 10. O-O Nf8 11. f3 Ne6 12. Be1 h6 13. Bf2 Ng5 14. Ng3 Bd6
15. Qc2 a6 16. Rfe1 Ne6 17. Nf5 Bf8 18. Rcd1 g6 19. Ng3 Bg7 20. Bf1 Nc7 21. h3
h5 22. e4 dxe4 23. fxe4 h4 24. Nh1 Nh5 25. Bc4 Nf4 26. Qd2 Qg5 27. Be3 Nxh3+
28. Kh2 Be5+ 29. dxe5 Qxe5+ 30. g3 Bg4 31. Be2 Qh5 32. Bxg4 Qxg4 33. Qg2 Ng5
34. Bxg5 Qxg5 35. gxh4 Qxh4+ 36. Qh3 Qf4+ 37. Qg3 Qh6+ 38. Kg2 Ne6 39. Nf2 Nf4+
40. Kf3 Nh5 41. Qh2 Qg5 42. Rd6 Re6 43. Red1 Qf6+ 44. Ke3 Qg5+ 45. Kf3 Qf6+ 46.
Ke3 Qg5+ 47. Kf3 1/2-1/2

[Event "London league"]
[Site "?"]
[Date "2015.10.15"]
[Round "?"]
[White "Mogilarov, D."]
[Black "Stebbings, A."]
[Result "1-0"]
[WhiteElo "2168"]
[BlackElo "2268"]
[PlyCount "47"]
[EventDate "2015.??.??"]

1. e4 c5 2. c3 Nf6 3. e5 Nd5 4. d4 cxd4 5. Nf3 e6 6. cxd4 d6 7. Nc3 Nxc3 8.
bxc3 Qc7 9. Bd2 Nd7 10. exd6 Bxd6 11. Bd3 b6 12. O-O Bb7 13. c4 O-O 14. Re1
Rfe8 15. Ne5 Nxe5 16. dxe5 Bf8 17. Re3 g6 18. Qg4 Rad8 19. Rae1 Rd7 20. Rh3 Qd8
21. Bg5 Be7 22. Bxg6 fxg6 23. Qxe6+ Kh8 24. Qf7 1-0

[Event "London league"]
[Site "?"]
[Date "2015.11.02"]
[Round "?"]
[White "Stebbings, A."]
[Black "Pridding, A."]
[Result "1/2-1/2"]
[WhiteElo "2268"]
[BlackElo "2238"]
[PlyCount "100"]
[EventDate "2015.??.??"]

1. d4 Nf6 2. c4 g6 3. Nc3 Bg7 4. e4 d6 5. f3 O-O 6. Be3 e5 7. Nge2 c6 8. Qd2
Nbd7 9. O-O-O a6 10. Kb1 b5 11. Nc1 Ne8 12. dxe5 dxe5 13. Nb3 Qc7 14. Be2 Kh8
15. g4 f5 16. gxf5 gxf5 17. Rhg1 Ndf6 18. Nc5 Nh5 19. Qd8 Nf4 20. Bf1 Qf7 21.
Qb6 bxc4 22. Qxc6 Qa7 23. Bxc4 fxe4 24. fxe4 Bh3 25. Qb7 Ng2 26. Qxa7 Rxa7 27.
Bg5 Rc7 28. b4 a5 29. Nd5 Rc6 30. Be7 Rf7 31. Bb5 Rc8 32. a3 axb4 33. axb4 Nf4
34. Bg5 Nxd5 35. exd5 Bf5+ 36. Kb2 Nd6 37. Ba6 Ra8 38. Kb3 Rfa7 39. b5 Rb8 40.
Rdf1 Bc8 41. Rf6 Nxb5 42. Bxb5 h6 43. Kc4 Ra2 44. Rc6 hxg5 45. Rxg5 Rc2+ 46.
Kd3 Rxh2 47. d6 Rh3+ 48. Kc2 Rh2+ 49. Kd3 Rh3+ 50. Kc2 Rh2+ 1/2-1/2

[Event "4NCL league"]
[Site "?"]
[Date "2015.11.15"]
[Round "?"]
[White "Stebbings, A."]
[Black "Beckett, C."]
[Result "1/2-1/2"]
[WhiteElo "2268"]
[BlackElo "2178"]
[PlyCount "55"]
[EventDate "2015.??.??"]

1. d4 d6 2. e4 Nf6 3. Nc3 e5 4. Nge2 Be7 5. g3 O-O 6. Bg2 c6 7. a4 a5 8. O-O
Na6 9. h3 Re8 10. Be3 exd4 11. Bxd4 Nb4 12. f4 d5 13. e5 Nd7 14. Nb1 Bf8 15. c3
Na6 16. Nd2 f6 17. Nf3 Nc7 18. exf6 Nxf6 19. Qc2 Ne6 20. Be5 Be7 21. f5 Nc5 22.
g4 Bd6 23. Bxd6 Qxd6 24. Ned4 Rf8 25. Bh1 Qg3+ 26. Qg2 Qxg2+ 27. Bxg2 Bd7 28.
Ne5 1/2-1/2

[Event "London league"]
[Site "?"]
[Date "2015.11.23"]
[Round "?"]
[White "Stebbings, A."]
[Black "Gluckman, T."]
[Result "1-0"]
[WhiteElo "2268"]
[BlackElo "1930"]
[PlyCount "45"]
[EventDate "2015.??.??"]

1. d4 d5 2. c4 e5 3. dxe5 d4 4. Nf3 Nc6 5. g3 f6 6. exf6 Nxf6 7. Bg2 Bg4 8. O-O
Qd7 9. Qb3 Bd6 10. Rd1 Bc5 11. Nc3 O-O 12. Bg5 Na5 13. Qa4 Qf5 14. Bxf6 Rxf6
15. Nd5 Nc6 16. Qb5 Bb6 17. Nxf6+ Qxf6 18. c5 a6 19. Qc4+ Be6 20. Qc2 Nb4 21.
Qc1 d3 22. cxb6 dxe2 23. Rd2 1-0

[Event "County match"]
[Site "?"]
[Date "2016.01.09"]
[Round "?"]
[White "Stebbings, A."]
[Black "Sharpe, I."]
[Result "1/2-1/2"]
[WhiteElo "2245"]
[BlackElo "2245"]
[PlyCount "49"]
[EventDate "2016.??.??"]

1. d4 Nf6 2. c4 d6 3. Nc3 e5 4. Nf3 Nbd7 5. e4 c6 6. Be2 Be7 7. O-O O-O 8. Qc2
Qc7 9. Rd1 a6 10. Rb1 b5 11. b4 Bb7 12. dxe5 dxe5 13. c5 Rfe8 14. Be3 Nf8 15.
h3 Ne6 16. Rd2 Rad8 17. Rbd1 Bc8 18. g3 Nd7 19. Kg2 Ndf8 20. a4 Rxd2 21. Rxd2
Rd8 22. axb5 axb5 23. Rxd8 Nxd8 24. Qa2 Bf6 25. Qd2 1/2-1/2

[Event "London league"]
[Site "?"]
[Date "2016.01.18"]
[Round "?"]
[White "Randall, S."]
[Black "Stebbings, A."]
[Result "1/2-1/2"]
[WhiteElo "2163"]
[BlackElo "2245"]
[PlyCount "67"]
[EventDate "2016.??.??"]

1. e4 c5 2. Nc3 a6 3. g3 b5 4. Bg2 Bb7 5. d3 e6 6. f4 Nf6 7. Nf3 d5 8. e5 Nfd7
9. O-O Be7 10. Ne2 Nc6 11. c3 Qb6 12. f5 Ncxe5 13. Nxe5 Nxe5 14. fxe6 fxe6 15.
Nf4 O-O 16. a4 Rae8 17. a5 Qd6 18. Re1 Bf6 19. Nh5 Ng6 20. Nxf6+ Rxf6 21. c4
Bc6 22. cxb5 Bxb5 23. d4 Bc6 24. dxc5 Qxc5+ 25. Be3 Qd6 26. Rc1 Bb7 27. Qa4 Rc8
28. Bd4 Rff8 29. Bh3 Rxc1 30. Rxc1 Rd8 31. Bb6 Qe5 32. Bd4 Qd6 33. Bb6 Qe5 34.
Bd4 1/2-1/2

[Event "London league"]
[Site "?"]
[Date "2016.01.25"]
[Round "?"]
[White "Stebbings, A."]
[Black "Brackmann, H."]
[Result "1/2-1/2"]
[WhiteElo "2245"]
[BlackElo "2095"]
[PlyCount "75"]
[EventDate "2016.??.??"]

1. d4 Nf6 2. c4 e6 3. Nc3 d5 4. Bg5 Be7 5. e3 O-O 6. Nf3 Nbd7 7. Rc1 b6 8. cxd5
exd5 9. Bd3 Bb7 10. O-O h6 11. Bh4 c5 12. Bg3 Nh5 13. dxc5 Nxg3 14. hxg3 Nxc5
15. Qe2 Nxd3 16. Qxd3 Bf6 17. Rfd1 Qe7 18. Nd4 Rfd8 19. Rc2 Rac8 20. Rcd2 Rc4
21. Nde2 Qc5 22. Qf5 Bc8 23. Qf3 Bg4 24. Rxd5 Bxf3 25. Rxd8+ Bxd8 26. Rxd8+ Kh7
27. gxf3 Qe7 28. Rd2 Rc5 29. Kg2 b5 30. a3 a6 31. Nf4 Qb7 32. Nfd5 a5 33. e4 b4
34. axb4 axb4 35. Na2 b3 36. Nac3 Ra5 37. Rd4 Qa6 38. Rb4 1/2-1/2

[Event "County match"]
[Site "?"]
[Date "2016.01.30"]
[Round "?"]
[White "Stebbings, A."]
[Black "Spearman, D."]
[Result "1/2-1/2"]
[WhiteElo "2245"]
[BlackElo "2110"]
[PlyCount "53"]
[EventDate "2016.??.??"]

1. d4 Nf6 2. c4 c6 3. Nf3 d5 4. Qc2 Bg4 5. Ne5 e6 6. Bf4 Bf5 7. Qb3 Qb6 8. c5
Qxb3 9. axb3 Bxb1 10. Rxb1 Nbd7 11. e3 Nxe5 12. Bxe5 Nd7 13. Bg3 Be7 14. Be2
O-O 15. b4 a6 16. O-O f6 17. Bd3 g6 18. Rfe1 f5 19. f3 Bf6 20. Bd6 Rf7 21. f4
Be7 22. Bxe7 Rxe7 23. h3 Nf6 24. Kf2 Rf8 25. Rg1 h5 26. Kg3 Kg7 27. Ra1 1/2-1/2

[Event "London league"]
[Site "?"]
[Date "2016.02.11"]
[Round "?"]
[White "Stebbings, A."]
[Black "Porter, S."]
[Result "0-1"]
[WhiteElo "2245"]
[BlackElo "2133"]
[PlyCount "98"]
[EventDate "2016.??.??"]

1. e4 c5 2. Nf3 d6 3. d4 cxd4 4. Nxd4 Nf6 5. Nc3 a6 6. f4 Qb6 7. Nb3 Nbd7 8.
Qf3 e6 9. Be3 Qc7 10. Bd3 b5 11. a3 Bb7 12. O-O Be7 13. Rae1 O-O 14. Qh3 Rfd8
15. Kh1 e5 16. fxe5 dxe5 17. Qf3 Bxa3 18. bxa3 Qxc3 19. Bd2 Qc7 20. Ba5 Nb6 21.
Qf2 Rd6 22. Bb4 Re6 23. Nc5 Rc6 24. Nxb7 Qxb7 25. Qf5 Re8 26. g4 Qd7 27. h3
Qxf5 28. Rxf5 Nc4 29. a4 bxa4 30. Ra1 a5 31. Be1 a3 32. Bg3 Nd7 33. Kg1 Ndb6
34. Bf2 Nc8 35. Kf1 N8d6 36. Rf3 Nd2+ 37. Ke2 Nxf3 38. Kxf3 Nc4 39. Be3 Nxe3
40. Kxe3 Rc3 41. Kd2 Rec8 42. Ra2 Kf8 43. Ra1 R8c7 44. Ra2 Ke7 45. Ra1 h5 46.
gxh5 Kf8 47. Ke3 Kg8 48. Kd2 Kh7 49. Ra2 Kh6 0-1

[Event "4NCL league"]
[Site "?"]
[Date "2016.02.13"]
[Round "?"]
[White "Stebbings, A."]
[Black "Walker, D."]
[Result "1/2-1/2"]
[WhiteElo "2245"]
[BlackElo "2335"]
[PlyCount "62"]
[EventDate "2016.??.??"]

1. e4 e6 2. d4 d5 3. Nd2 Be7 4. c3 c5 5. dxc5 Nf6 6. exd5 exd5 7. Nb3 O-O 8.
Nf3 Re8 9. Be2 Bg4 10. O-O Nbd7 11. Be3 Qc7 12. h3 Be6 13. Re1 Ne4 14. Qc2
Ndxc5 15. Nxc5 Nxc5 16. Ng5 g6 17. Nxe6 Nxe6 18. Rad1 d4 19. Bxd4 Nxd4 20. Rxd4
Bc5 21. Rdd1 Qf4 22. Bb5 Rxe1+ 23. Rxe1 Rd8 24. Re8+ Rxe8 25. Bxe8 Qe5 26. Bb5
Bd6 27. Qd1 Qxb5 28. Qxd6 Qxb2 29. Qb8+ Kg7 30. Qxa7 Qxc3 31. Qxb7 Qa1+ 1/2-1/2